[Event "Krakow op-C"]
[Site "Krakow"]
[Date "2022.07.02"]
[Round "9"]
[White "Jokel, Marcin"]
[Black "Krasuski, Pawel"]
[Result "0-1"]
[WhiteElo "1413"]
[BlackElo "1682"]
[PlyCount "84"]
[EventDate "2022.06.25"]
[EventType "swiss"]
[EventRounds "9"]
[EventCountry "POL"]
[SourceTitle "EXT 2023"]
[Source "ChessBase"]
[SourceDate "2022.10.05"]
[SourceVersion "1"]
[SourceVersionDate "2022.10.05"]
[SourceQuality "1"]

1. d4 f5 2. Nf3 g6 3. g3 Bg7 4. Bg2 Nf6 5. 0-0 0-0 6. c4 e6 7. Nc3 d5 8. b3 Ne4 9. Bb2 Nc6 10. e3 Ne7 11. c5 b6 12. b4 bxc5 13. bxc5 Rb8 14. Qc2 Nc6 15. Nxe4 fxe4 16. Ne5 Nxe5 17. dxe5 Qg5 18. Rab1 Ba6 19. Rfd1 Bxe5 20. Bf1 Bxf1 21. Rxf1 c6 22. Bxe5 Qxe5 23. Qa4 Qc7 24. Qc2 Qa5 25. h4 Qa3 26. h5 g5 27. Rxb8 Rxb8 28. Rb1 Rb4 29. Rxb4 Qxb4 30. Kg2 h6 31. Kh3 Kg7 32. Qc1 Kf6 33. Qc2 e5 34. Kg2 g4 35. Qd1 Kf5 36. Qc2 d4 37. exd4 exd4 38. Qc1 e3 39. Qc2+ d3 40. Qxd3+ Qe4+ 41. Qxe4+ Kxe4 42. fxe3 Kxe3 0-1

[Event "Mazowiec-chT 1617"]
[Site "Warsaw"]
[Date "2017.01.29"]
[Round "8.15"]
[White "Krasuski, Pawel"]
[Black "Jung, Taruna"]
[Result "1-0"]
[WhiteElo "1704"]
[BlackElo "1016"]
[PlyCount "77"]
[EventDate "2016.12.11"]
[EventType "team-tourn"]
[EventRounds "10"]
[EventCountry "POL"]
[SourceTitle "EXT 2019"]
[Source "ChessBase"]
[SourceDate "2018.10.10"]
[SourceVersion "1"]
[SourceVersionDate "2018.10.10"]
[SourceQuality "1"]

1. Nf3 Nf6 2. g3 g6 3. Bg2 Bg7 4. d4 Nc6 5. c3 d5 6. 0-0 0-0 7. Ne5 Qd6 8. Bf4 Qe6 9. Nd3 Qd7 10. Na3 Nh5 11. Nc5 Qd8 12. Bg5 b6 13. Nd3 f6 14. Be3 e5 15. dxe5 fxe5 16. Nxe5 Bxe5 17. Bxd5+ Kh8 18. Bxc6 Bh3 19. Qxd8 Raxd8 20. Rfd1 Nf6 21. Nc4 Ng4 22. Nxe5 Nxe5 23. Be4 Rxd1+ 24. Rxd1 Ng4 25. Bd4+ Nf6 26. Bc6 Kg7 27. e4 Kh6 28. e5 Ng4 29. f3 Kh5 30. fxg4+ Bxg4 31. Rf1 Rg8 32. Rf7 h6 33. Kg2 Rc8 34. h3 Bd1 35. Bd7 Rd8 36. g4+ Kh4 37. Bf2+ Kg5 38. Kg3 h5 39. Be3# 1-0

[Event "Zlota Wieze 50"]
[Site "Pultusk"]
[Date "2008.07.03"]
[Round "6.1"]
[White "Krasuski, Pawel"]
[Black "Jedrzejewski, Kamil"]
[Result "0-1"]
[WhiteElo "1796"]
[BlackElo "1956"]
[PlyCount "80"]
[EventDate "2008.06.30"]
[EventType "team"]
[EventRounds "9"]
[EventCountry "POL"]
[SourceTitle "EXT 2020"]
[Source "ChessBase"]
[SourceDate "2019.10.17"]
[SourceVersion "1"]
[SourceVersionDate "2019.10.17"]
[SourceQuality "1"]

1. c4 e5 2. e3 d6 3. d4 Nc6 4. d5 Nce7 5. Nc3 g6 6. Nf3 Bg7 7. Be2 h6 8. Nd2 f5 9. g4 Nf6 10. Rg1 fxg4 11. Nde4 Nxe4 12. Nxe4 Bf5 13. Ng3 h5 14. h3 gxh3 15. Nxf5 Nxf5 16. Rxg6 h2 17. Kd2 Qh4 18. Qh1 Qxf2 19. Qf3 Qxf3 20. Bxf3 Kf7 21. Rg5 Kf6 22. Rxf5+ Kxf5 23. Kd3 Bh6 24. Bd2 Bg5 25. Rh1 Bh4 26. Rxh2 Bg3 27. Rxh5+ Rxh5 28. Bxh5 e4+ 29. Kc3 Be5+ 30. Kc2 Rh8 31. Bf7 Kg4 32. Bg6 Kf3 33. b4 Rh2 34. Kd1 Bf6 35. c5 Bg5 36. a4 Bxe3 37. Bc3 Bf4 38. c6 bxc6 39. dxc6 e3 40. Bd3 e2+ 0-1

[Event "Zlota Wieze 50"]
[Site "Pultusk"]
[Date "2008.07.02"]
[Round "5.3"]
[White "Galaszewski, Patryk"]
[Black "Krasuski, Pawel"]
[Result "0-1"]
[WhiteElo "1734"]
[BlackElo "1796"]
[PlyCount "49"]
[EventDate "2008.06.30"]
[EventType "team"]
[EventRounds "9"]
[EventCountry "POL"]
[SourceTitle "EXT 2020"]
[Source "ChessBase"]
[SourceDate "2019.10.17"]
[SourceVersion "1"]
[SourceVersionDate "2019.10.17"]
[SourceQuality "1"]

1. d4 Nf6 2. c4 e6 3. Nc3 d5 4. Nf3 c6 5. Bg5 Be7 6. Bxf6 Bxf6 7. e4 a6 8. e5 Be7 9. a4 Nd7 10. a5 Bb4 11. Qa4 Be7 12. c5 f6 13. exf6 Bxf6 14. Be2 0-0 15. 0-0 e5 16. dxe5 Nxe5 17. Qb3 Kh8 18. Rae1 Qc7 19. Qc2 Nxf3+ 20. Bxf3 Bf5 21. Qd2 Be5 22. g3 Rae8 23. Bg2 Qd7 24. Re2 Bg4 25. Ree1 0-1

[Event "Zlota Wieze 50"]
[Site "Pultusk"]
[Date "2008.06.30"]
[Round "1.3"]
[White "Tofil, Borys"]
[Black "Krasuski, Pawel"]
[Result "1/2-1/2"]
[WhiteElo "2171"]
[BlackElo "1796"]
[PlyCount "117"]
[EventDate "2008.06.30"]
[EventType "team"]
[EventRounds "9"]
[EventCountry "POL"]
[SourceTitle "EXT 2020"]
[Source "ChessBase"]
[SourceDate "2019.10.17"]
[SourceVersion "1"]
[SourceVersionDate "2019.10.17"]
[SourceQuality "1"]

1. d4 Nf6 2. Nc3 d5 3. Bg5 e6 4. e4 dxe4 5. Nxe4 Nbd7 6. Nxf6+ Nxf6 7. Nf3 Be7 8. Bd3 h6 9. Bh4 Nd5 10. Bg3 Bf6 11. c4 Ne7 12. Be5 Nc6 13. Be4 Bd7 14. Qe2 Bxe5 15. dxe5 Qe7 16. a3 a5 17. Qe3 a4 18. 0-0 Na5 19. Rad1 Bc6 20. Bc2 Nxc4 21. Qd4 Nb6 22. Qg4 Kf8 23. Nd4 Bd5 24. Qg3 Nc4 25. f4 Nxb2 26. f5 Qg5 27. fxe6 Qxg3 28. Rxf7+ Kg8 29. hxg3 Nxd1 30. Rd7 Ne3 31. Bg6 Rf8 32. g4 Rf1+ 33. Kh2 Nxg4+ 34. Kg3 Nxe5 35. Rd8+ Rf8 36. e7 Nxg6 37. Rxf8+ Nxf8 38. e8Q Kh7 39. Qe5 c6 40. Qf5+ Ng6 41. Qc2 b5 42. Nf5 Rf8 43. Ne7 Bf7 44. Nxc6 Rc8 45. Qe4 Be8 46. Nd4 Bd7 47. Qd5 Rc3+ 48. Kh2 Be8 49. Qe6 Rc4 50. Nf5 Rf4 51. g4 Rf2+ 52. Kg1 Rg2+ 53. Kh1 Rxg4 54. Qxe8 Rg5 55. Qf7 Ne5 56. Qe6 Nf3 57. Ng3 Rxg3 58. Qe4+ Kh8 59. Qe8+ 1/2-1/2

[Event "Zlota Wieza op 49th"]
[Site "Gniezno"]
[Date "2007.05.25"]
[Round "8"]
[White "Krasuski, Pawel"]
[Black "Komarowski, Tomasz"]
[Result "0-1"]
[WhiteElo "1800"]
[BlackElo "1800"]
[PlyCount "64"]
[EventDate "2007.05.20"]
[EventType "swiss"]
[EventRounds "9"]
[EventCountry "POL"]
[SourceTitle "EXT 2011"]
[Source "ChessBase"]
[SourceDate "2010.11.26"]
[SourceVersion "1"]
[SourceVersionDate "2010.11.26"]
[SourceQuality "1"]

1. c4 Nf6 2. d4 g6 3. Nc3 d5 4. e3 Bf5 5. Qb3 b6 6. cxd5 Bg7 7. Bb5+ Nbd7 8. Bc6 Rb8 9. f3 Bd3 10. Nb5 Bxb5 11. Qxb5 0-0 12. e4 a6 13. Qxa6 e6 14. Qb5 e5 15. Ne2 Qc8 16. Be3 Rd8 17. 0-0 Ne8 18. Rac1 Nd6 19. Qb3 Qa6 20. Rc2 exd4 21. Bxd4 Nc5 22. Bxc5 bxc5 23. Qa4 Qd3 24. Rb1 Rb4 25. Qa7 Qxc2 26. Re1 Rdb8 27. b3 Bd4+ 28. Nxd4 cxd4 29. Qxc7 d3 30. Qxd6 d2 31. Qg3 dxe1Q+ 32. Qxe1 Rd4 0-1

[Event "Zlota Wieza op 49th"]
[Site "Gniezno"]
[Date "2007.05.24"]
[Round "7"]
[White "Szydelko, Marcin"]
[Black "Krasuski, Pawel"]
[Result "1-0"]
[WhiteElo "1816"]
[BlackElo "1800"]
[PlyCount "69"]
[EventDate "2007.05.20"]
[EventType "swiss"]
[EventRounds "9"]
[EventCountry "POL"]
[SourceTitle "EXT 2011"]
[Source "ChessBase"]
[SourceDate "2010.11.26"]
[SourceVersion "1"]
[SourceVersionDate "2010.11.26"]
[SourceQuality "1"]

1. e4 c5 2. Nf3 e6 3. d4 cxd4 4. Nxd4 Nf6 5. Nc3 d6 6. f3 a6 7. Be3 b5 8. Qd2 Bb7 9. g4 Nfd7 10. 0-0-0 Nb6 11. h4 N8d7 12. g5 d5 13. exd5 Nxd5 14. Ne4 Rc8 15. Kb1 Qc7 16. Bd3 N7b6 17. h5 Nc4 18. Bxc4 Qxc4 19. Bf2 Be7 20. g6 h6 21. gxf7+ Kxf7 22. Rhe1 Rhe8 23. Bg3 Nf6 24. Be5 Bxe4 25. fxe4 Rc5 26. Qf4 Kg8 27. Rg1 Kh8 28. Rg6 Kh7 29. Rdg1 Rg8 30. b3 Qc3 31. Rxg7+ Rxg7 32. Rxg7+ Kxg7 33. Nxe6+ Kh7 34. Bxc3 Rxc3 35. Qf5+ 1-0

[Event "Zlota Wieza op 49th"]
[Site "Gniezno"]
[Date "2007.05.23"]
[Round "5"]
[White "Krasuski, Pawel"]
[Black "Platek, Michal"]
[Result "0-1"]
[WhiteElo "1800"]
[BlackElo "1930"]
[PlyCount "104"]
[EventDate "2007.05.20"]
[EventType "swiss"]
[EventRounds "9"]
[EventCountry "POL"]
[SourceTitle "EXT 2011"]
[Source "ChessBase"]
[SourceDate "2010.11.26"]
[SourceVersion "1"]
[SourceVersionDate "2010.11.26"]
[SourceQuality "1"]

1. e4 e6 2. d4 d5 3. e5 c5 4. c3 Nc6 5. Nf3 Bd7 6. a3 Nge7 7. b4 cxd4 8. cxd4 Ng6 9. Bd3 Be7 10. Qd2 f6 11. exf6 gxf6 12. Nc3 Kf7 13. Bb2 Qf8 14. h4 h5 15. Rh3 Qh6 16. Ne2 Qxd2+ 17. Kxd2 Bd6 18. Rhh1 a6 19. Ke3 e5 20. Bxg6+ Kxg6 21. dxe5 fxe5 22. Rhd1 d4+ 23. Kd2 Bf5 24. Ng5 Nxb4 25. f4 Nd3 26. fxe5 Nxb2 27. exd6 Nxd1 28. Rxd1 Rad8 29. Nxd4 Rxd6 30. Ke3 Rhd8 31. Ngf3 Re8+ 32. Kf2 Bg4 33. Rc1 Rf8 34. Ke3 Bxf3 35. Nxf3 Re6+ 36. Kf2 Rb6 37. Rc3 Rb2+ 38. Kg3 Re8 39. Rc5 Ree2 40. Rg5+ Kh6 41. Kh2 Re4 42. Kg3 Rg4+ 43. Rxg4 hxg4 44. Ne5 Rb3+ 45. Kxg4 Rxa3 46. Nf7+ Kg7 47. Nd6 b5 48. Kf4 Ra4+ 49. Kg5 b4 50. h5 b3 51. h6+ Kh7 52. Ne8 Ra5+ 0-1